Marketing estratégico para la era digital / Bill Bishop (Registro nro. 13497)
[ vista simple ]
| 000 -LÍDER | |
|---|---|
| fixed length control field | 00437nam a2200145 4500 |
| 008 - ELEMENTOS DE LONGITUD FIJA -- INFORMACIÓN GENERAL | |
| fixed length control field | 0 2000 0 000 0MEX |
| 020 ## - NÚMERO INTERNACIONAL NORMALIZADO PARA LIBROS | |
| ISBN | 970-24-0072-4 |
| 050 ## - SIGNATURA TOPOGRAFICA DE LA BIBLIOTECA DEL CONGRESO (LC) | |
| Número de Clasificación | HF5415 B5 |
| 082 ## - NUMERO DE CLASIFICACION DECIMAL DEWEY | |
| Número de Clasificación | 658.81 B622m |
| 100 ## - ASIENTO PRINCIPAL--NOMBRE PERSONAL | |
| Nombre personal | Bishop, Bill |
| 245 ## - TÍTULO | |
| Título | Marketing estratégico para la era digital / Bill Bishop |
| 260 ## - PUBLICACIÓN, DISTRIBUCIÓN, ETC. (PIE DE IMPRENTA) | |
| Lugar de publicación, distribución, etc. | México : Patria Cultural |
| 300 ## - DESCRIPCIÓN FÍSICA | |
| Extensión | xvi, 227 p. / 24 cm. |
| 650 ## - ASIENTO SECUNDARIO DE MATERIA - TERMINO TEMÁTICO | |
| Término temático o nombre geográfico como elemento de entrada | 1.MARKETING \ 2.MERCADEO POR COMPUTADORA |
| No. biblioteca | No. biblioteca | Número de clasificación | Código de barras/Número de adquisición | Número de copia | Tipo de material |
|---|---|---|---|---|---|
| LUIS G. INCLAN | LUIS G. INCLAN | 658.81 B622m | 36607 | 1 | Libros |
| LUIS G. INCLAN | LUIS G. INCLAN | 658.81 B622m | 36608 | 2 | Libros |
| LUIS G. INCLAN | LUIS G. INCLAN | 658.81 B622m | 36609 | 3 | Libros |
| LUIS G. INCLAN | LUIS G. INCLAN | 658.81 B622m | 36610 | 4 | Libros |
| LUIS G. INCLAN | LUIS G. INCLAN | 658.81 B622m | 36611 | 5 | Libros |
| LUIS G. INCLAN | LUIS G. INCLAN | 658.81 B622m | 36612 | 6 | Libros |
| LUIS G. INCLAN | LUIS G. INCLAN | 658.81 B622m | 36613 | 7 | Libros |
| LUIS G. INCLAN | LUIS G. INCLAN | 658.81 B622m | 36614 | 8 | Libros |
| LUIS G. INCLAN | LUIS G. INCLAN | 658.81 B622m | 36615 | 9 | Libros |
| LUIS G. INCLAN | LUIS G. INCLAN | 658.81 B622m | 36616 | 10 | Libros |
| LUIS G. INCLAN | LUIS G. INCLAN | 658.81 B622m | 36930 | 11 | Libros |
| LUIS G. INCLAN | LUIS G. INCLAN | 658.81 B622m | 37214 | 12 | Libros |
| LUIS G. INCLAN | LUIS G. INCLAN | 658.81 B622m | 37215 | 13 | Libros |
| LUIS G. INCLAN | LUIS G. INCLAN | 658.81 B622m | 41912 | 14 | Libros |
| LUIS G. INCLAN | LUIS G. INCLAN | 658.81 B622m | 41913 | 15 | Libros |
| LUIS G. INCLAN | LUIS G. INCLAN | 658.81 B622m | 41914 | 16 | Libros |
| LUIS G. INCLAN | LUIS G. INCLAN | 658.81 B622m | 41915 | 17 | Libros |
| LUIS G. INCLAN | LUIS G. INCLAN | 658.81 B622m | 41916 | 18 | Libros |
| LUIS G. INCLAN | LUIS G. INCLAN | 658.81 B622m | 41917 | 19 | Libros |
| LUIS G. INCLAN | LUIS G. INCLAN | 658.81 B622m | 41918 | 20 | Libros |
| LUIS G. INCLAN | LUIS G. INCLAN | 658.81 B622m | 41919 | 21 | Libros |
